Koncepcia marketingovej stratégie v kontexte aplikácie inovácií v rodinnom podniku Antiqua Villa diplomová práca

Saved in:
Bibliographic Details
Main Author: Eliaš, Ján
Corporate Author: Obchodná fakulta EU. Katedra marketingu
Other Authors: Filo, Peter
Format: Book
Language:Slovak
Published: Bratislava 2019
Tags: Add Tag
No Tags, Be the first to tag this record!

MARC

LEADER 00000nbm a2200000 4500
001 0253928
005 20190704134106.6
041 0 |a slo 
044 |a SK 
245 1 0 |a Koncepcia marketingovej stratégie v kontexte aplikácie inovácií v rodinnom podniku Antiqua Villa  |b diplomová práca  |c Ján Eliaš ; školiteľ: Peter Filo 
264 1 |a Bratislava  |c 2019 
300 |a 69 s. 
100 1 |a Eliaš, Ján 
700 1 |a Filo, Peter 
710 2 |a Obchodná fakulta EU. Katedra marketingu